Normal view
MARC view
- de Vera, Ben o.
Entry Personal Name
001 - CONTROL NUMBER
- control field: 46920
003 - CONTROL NUMBER IDENTIFIER
- control field: OSt
005 - DATE AND TIME OF LATEST TRANSACTION
- control field: 20221129135934.0
008 - FIXED-LENGTH DATA ELEMENTS
- fixed length control field: 221129|| aca||aabn | a|a d
040 ## - CATALOGING SOURCE
- Original cataloging agency: OSt
- Transcribing agency: OSt
100 ## - HEADING--PERSONAL NAME
- Personal name: de Vera, Ben o.
670 ## - SOURCE DATA FOUND
- Source citation: Work cat.: (OSt): de Vera, Ben o., PH eyes to sell at least $1B in euro bonds / , January 22, 2020.
